| 000 | 02764nam a2200613Ii 4500 | ||
|---|---|---|---|
| 001 | 9781315115153 | ||
| 003 | FlBoTFG | ||
| 005 | 20250124160955.0 | ||
| 006 | m o d | ||
| 007 | cr | ||
| 008 | 181112t20182019flu b ob 001 0 eng d | ||
| 020 |
_a9781315115153 _q(e-book : PDF) |
||
| 040 |
_aKO _beng |
||
| 040 |
_aFlBoTFG _cFlBoTFG _erda |
||
| 041 | 0 | _aeng | |
| 041 | 1 | _aeng | |
| 072 | 7 |
_aLAW _x014010 _2bisacsh |
|
| 072 | 7 |
_aLAW _x051000 _2bisacsh |
|
| 072 | 7 |
_aLAW _x066000 _2bisacsh |
|
| 072 | 7 |
_aLBDM _2bicscc |
|
| 082 | 0 | 4 | _a343.08/7 |
| 100 | 1 |
_aMagklasi, Ioanna, _eauthor. |
|
| 245 | 1 | 4 |
_aThe Rotterdam Rules and International Trade Law / _cby Ioanna Magklasi. |
| 250 | _aFirst edition. | ||
| 264 | 1 |
_aBoca Raton, FL : _bRoutledge, _c[2018]. |
|
| 264 | 4 | _c©2019. | |
| 300 | _a1 online resource (268 pages) | ||
| 336 |
_atext _2rdacontent |
||
| 337 |
_acomputer _2rdamedia |
||
| 338 |
_aonline resource _2rdacarrier |
||
| 504 | _aIncludes bibliographical references and index. | ||
| 505 | 0 | 0 | _t1. The Rotterdam Rules and the law of international sales: Background and characteristics 2. Novelties of the RR: Trade facilitation or may be not? 3. The Rotterdam Rules and standard terms 4. The impact of the Rotterdam Rules on Electronic Commerce 5. The impact of Volume Contracts on the trading parties 6. The way forward: reconciling international trade with the Rotterdam Rules |
| 520 | 3 | _aThis book offers an original academic study of the Rotterdam Rules. It analyses the salient articles that will have an impact on international sale contracts governed by English law, including the most popularly used international law instruments, terms and standard sale contracts. Looking beyond the legal relationship of carrier-shipper and carrier-receiver, this book examines the important articles of the Rotterdam Rules that affect the ability of the trading protagonists to perform their sale contract. | |
| 530 | _aAlso available in print format. | ||
| 650 | 7 |
_aLAW / International. _2bisacsh |
|
| 650 | 7 |
_aLAW / Maritime. _2bisacsh |
|
| 650 | 7 |
_aCarriage of Goods by Sea. _2bisacsh |
|
| 650 | 7 |
_adry shipping law. _2bisacsh |
|
| 650 | 7 |
_aFOSFA contracts. _2bisacsh |
|
| 650 | 7 |
_aGAFTA. _2bisacsh |
|
| 650 | 7 |
_aIncoterms. _2bisacsh |
|
| 650 | 7 |
_aInternational Trade Law. _2bisacsh |
|
| 650 | 7 |
_aimpact of the Convention. _2bisacsh |
|
| 650 | 7 |
_aTransport Law. _2bisacsh |
|
| 650 | 7 |
_aUCP 600. _2bisacsh |
|
| 650 | 0 | _aForeign trade regulation. | |
| 650 | 0 | _aExport sales contracts. | |
| 655 | 0 | _aElectronic books. | |
| 710 | 2 | _aTaylor and Francis. | |
| 856 | 4 | 0 |
_uhttps://www.taylorfrancis.com/books/9781315115153 _zClick here to view. |
| 904 | _aRUDRA_R | ||
| 905 | _aR_RANJAN | ||
| 942 | _cEB | ||
| 999 |
_c3051 _d3051 |
||